[Event "Hebraica op 32nd"]
[Site "Hebraica"]
[Date "2024.02.04"]
[Round "5"]
[White "Leal, Guilherme Alves De"]
[Black "Sangiovanni, Marcello Cordeiro"]
[Result "0-1"]
[WhiteElo "1284"]
[BlackElo "1060"]
[PlyCount "50"]
[EventDate "2024.02.02"]
[EventType "swiss"]
[EventRounds "6"]
[EventCountry "BRA"]
[SourceTitle "CB07_2024"]
[SourceDate "2024.02.14"]
[SourceVersion "1"]
[SourceVersionDate "2024.02.14"]
[SourceQuality "1"]

1. e4 e6 2. d4 d5 3. Nd2 c5 4. Ngf3 Bd7 5. exd5 exd5 6. Qe2+ Be7 7. dxc5 Nf6 8. Nb3 0-0 9. Qd3 Ne4 10. Qxd5 Nf6 11. Qd3 Re8 12. Be2 Na6 13. Be3 Rc8 14. Qc3 Nd5 15. Qd2 Nxe3 16. fxe3 Nxc5 17. Kf2 Ne4+ 18. Ke1 Nxd2 19. Kxd2 Bb5+ 20. Nbd4 Bxe2 21. Kxe2 Bc5 22. c3 Bxd4 23. cxd4 Qb6 24. b3 Rc2+ 25. Kd1 Rec8 0-1

[Event "Hebraica op 32nd"]
[Site "Hebraica"]
[Date "2024.02.03"]
[Round "3"]
[White "Sangiovanni, Marcello Cordeiro"]
[Black "Santos, Camila Marinho Godo"]
[Result "1-0"]
[WhiteElo "1060"]
[BlackElo "1518"]
[PlyCount "69"]
[EventDate "2024.02.02"]
[EventType "swiss"]
[EventRounds "6"]
[EventCountry "BRA"]
[SourceTitle "CB07_2024"]
[SourceDate "2024.02.14"]
[SourceVersion "1"]
[SourceVersionDate "2024.02.14"]
[SourceQuality "1"]

1. e4 c5 2. Bc4 e6 3. Nf3 Ne7 4. d3 g6 5. Be3 Bg7 6. c3 b6 7. a3 Ba6 8. Bxa6 Nxa6 9. Qd2 d5 10. exd5 Nxd5 11. Bh6 0-0 12. Bxg7 Kxg7 13. 0-0 Nf6 14. c4 Qc7 15. Nc3 Rad8 16. Rad1 e5 17. Qg5 Qd6 18. Nb5 h6 19. Nxd6 hxg5 20. Nb5 g4 21. Nxe5 Ra8 22. Rfe1 Kh6 23. d4 Kh5 24. d5 Ne8 25. d6 f6 26. Nc6 Rf7 27. d7 f5 28. dxe8Q Rxe8 29. Rxe8 Nc7 30. Nxc7 Rxc7 31. Ne5 Rg7 32. f3 Kg5 33. fxg4 fxg4 34. h3 Kf4 35. hxg4 1-0

[Event "Hebraica op 31st"]
[Site "Hebraica"]
[Date "2023.07.01"]
[Round "4"]
[White "Barbosa, Luan Valerio"]
[Black "Sangiovanni, Marcello Cordeiro"]
[Result "1-0"]
[WhiteElo "1524"]
[BlackElo "1066"]
[PlyCount "88"]
[EventDate "2023.06.30"]
[EventType "swiss"]
[EventRounds "6"]
[EventCountry "BRA"]
[SourceTitle "CBM 215 Extra"]
[Source "ChessBase"]
[SourceDate "2023.09.30"]
[SourceVersion "1"]
[SourceVersionDate "2023.09.30"]
[SourceQuality "1"]

1. e4 e6 2. d4 d5 3. Nc3 c5 4. Bb5+ Nc6 5. exd5 exd5 6. dxc5 Nf6 7. Nf3 Bxc5 8. 0-0 0-0 9. Bg5 Bg4 10. Bxf6 Qxf6 11. Qxd5 Bxf3 12. Qxf3 Qxf3 13. gxf3 Ne5 14. Kg2 a6 15. Be2 Rfe8 16. f4 Ng6 17. f5 Nf4+ 18. Kf3 Nxe2 19. Nxe2 Re5 20. Ng3 Rae8 21. Rad1 h6 22. Rd7 b6 23. Rfd1 h5 24. Rd8 Kf8 25. f6 gxf6 26. Rxe8+ Kxe8 27. Ne4 Rf5+ 28. Ke2 Re5 29. Kf3 Rf5+ 30. Kg2 Rf4 31. Re1 Kf8 32. Nxc5 bxc5 33. Re3 Rg4+ 34. Rg3 Rxg3+ 35. Kxg3 Kg7 36. Kh4 Kg6 37. c3 f5 38. b4 c4 39. a4 f4 40. b5 axb5 41. axb5 Kf5 42. b6 Ke4 43. b7 Kd3 44. b8Q f6 1-0

[Event "Hebraica op 26th"]
[Site "Hebraica"]
[Date "2019.01.13"]
[Round "5"]
[White "Sato, Luiz Henrique Yuzo"]
[Black "Sangiovanni, Marcello Cordeiro"]
[Result "1-0"]
[WhiteElo "1425"]
[BlackElo "1085"]
[PlyCount "49"]
[EventDate "2019.01.11"]
[EventType "swiss"]
[EventRounds "6"]
[EventCountry "BRA"]
[SourceTitle "EXT 2020"]
[Source "ChessBase"]
[SourceDate "2019.10.17"]
[SourceVersion "1"]
[SourceVersionDate "2019.10.17"]
[SourceQuality "1"]

1. d4 g6 2. Nf3 Bg7 3. Bf4 d6 4. e3 Nf6 5. Be2 0-0 6. h3 a6 7. a4 c6 8. c4 Bd7 9. Nc3 b6 10. 0-0 a5 11. Qd2 Na6 12. e4 Nc7 13. Bh6 Qc8 14. Rfd1 Re8 15. e5 Nh5 16. g4 Bxh6 17. Qxh6 Ng7 18. Ng5 e6 19. Qxh7+ Kf8 20. Qh8+ Ke7 21. Qxg7 Rf8 22. exd6+ Kxd6 23. Nce4+ Ke7 24. Qf6+ Ke8 25. Nd6# 1-0

[Event "Homs Xeque Mate op"]
[Site "Sao Paulo"]
[Date "2018.10.28"]
[Round "4"]
[White "Tsuchie, Pedro Pinheiro"]
[Black "Sangiovanni, Marcello Cordeiro"]
[Result "1-0"]
[WhiteElo "1150"]
[BlackElo "1087"]
[PlyCount "87"]
[EventDate "2018.10.27"]
[EventType "swiss"]
[EventRounds "5"]
[EventCountry "BRA"]
[SourceTitle "CBM 187 Extra"]
[Source "ChessBase"]
[SourceDate "2018.11.04"]
[SourceVersion "1"]
[SourceVersionDate "2018.11.04"]
[SourceQuality "1"]

1. e4 e6 2. d4 d5 3. Nd2 c5 4. Ngf3 Nc6 5. exd5 Qxd5 6. Bc4 Qd8 7. dxc5 Bxc5 8. 0-0 Nf6 9. c3 0-0 10. h3 a6 11. Qc2 Qc7 12. Nb3 Be7 13. a4 Ne5 14. Nxe5 Qxe5 15. Bd2 Qc7 16. Bd3 h6 17. Nd4 b6 18. Rfe1 Bb7 19. Re2 Bc5 20. Nb3 Bd6 21. a5 Qc6 22. f3 b5 23. Nd4 Qc7 24. Kf1 e5 25. Nf5 Bxf3 26. gxf3 Qb7 27. Be4 Nxe4 28. Qxe4 Qd7 29. Qg4 Qxf5 30. Qxf5 Rfe8 31. Rg2 Re6 32. Qe4 Rd8 33. Qc2 Rf6 34. Ke1 Rxf3 35. Bxh6 g6 36. Rxg6+ Kh8 37. Bg7+ Kg8 38. Bxe5+ Kf8 39. Bxd6+ Ke8 40. Rg8+ Kd7 41. Rxd8+ Kxd8 42. Qe4 Rxh3 43. Qe7+ Kc8 44. Qc7# 1-0

[Event "Homs Xeque Mate op"]
[Site "Sao Paulo"]
[Date "2018.10.27"]
[Round "1"]
[White "Sangiovanni, Marcello Cordeiro"]
[Black "Haraguchi, Matheus Sashaki"]
[Result "0-1"]
[WhiteElo "1087"]
[BlackElo "1579"]
[PlyCount "82"]
[EventDate "2018.10.27"]
[EventType "swiss"]
[EventRounds "5"]
[EventCountry "BRA"]
[SourceTitle "CBM 187 Extra"]
[Source "ChessBase"]
[SourceDate "2018.11.04"]
[SourceVersion "1"]
[SourceVersionDate "2018.11.04"]
[SourceQuality "1"]

1. e4 e6 2. d4 d5 3. e5 c5 4. c3 Nc6 5. Nf3 Be7 6. Be2 f6 7. Bb5 Bd7 8. Bxc6 Bxc6 9. 0-0 Qb6 10. b3 0-0-0 11. Re1 fxe5 12. Nxe5 Rf8 13. Qg4 cxd4 14. Qxe6+ Kb8 15. Nxc6+ bxc6 16. Qe5+ Kb7 17. cxd4 Bf6 18. Qd6 Rd8 19. Qg3 Bxd4 20. Nc3 Rf8 21. Be3 Bxe3 22. fxe3 Rf7 23. Rf1 Nf6 24. Na4 Qb4 25. h3 Re8 26. Rae1 Rfe7 27. Rf3 Ne4 28. Qg4 Qxe1+ 29. Kh2 Qe2 30. Nc5+ Nxc5 31. Qb4+ Qb5 32. Qc3 Ne4 33. Qd4 Qb6 34. Qd1 Nf6 35. Qd4 Qxd4 36. exd4 Re4 37. Rg3 R8e7 38. a4 Rxd4 39. Rf3 Rde4 40. a5 Re3 41. Rf1 Rxb3 0-1

[Event "BRA-ch Amateur U1600"]
[Site "Sao Paulo"]
[Date "2017.10.15"]
[Round "7"]
[White "Kajiwara, Joao Kazuyuki"]
[Black "Sangiovanni, Marcello Cordeiro"]
[Result "0-1"]
[WhiteElo "1284"]
[BlackElo "1010"]
[PlyCount "66"]
[EventDate "2017.10.12"]
[EventType "swiss"]
[EventRounds "7"]
[EventCountry "BRA"]
[SourceTitle "EXT 2022"]
[Source "ChessBase"]
[SourceDate "2021.10.06"]
[SourceVersion "1"]
[SourceVersionDate "2021.10.06"]
[SourceQuality "1"]

1. Nf3 g6 2. g3 Bg7 3. Bg2 d6 4. 0-0 Nf6 5. d3 0-0 6. Nbd2 Nc6 7. Re1 Bd7 8. c3 e5 9. e4 Re8 10. Nf1 Qc8 11. h4 Nd8 12. N1h2 h5 13. Be3 Ng4 14. Nxg4 Bxg4 15. Qd2 f5 16. Nh2 f4 17. gxf4 exf4 18. Bxf4 Rf8 19. Bg3 Be5 20. Rf1 Bxg3 21. fxg3 Nf7 22. Rf4 Bh3 23. Bh1 Qe6 24. Nf3 Ne5 25. Ng5 Qd7 26. Nxh3 Qxh3 27. Rxf8+ Rxf8 28. Qg5 Ng4 29. Qxg6+ Kh8 30. Qxh5+ Kg8 31. Qg5+ Kh8 32. Qd2 Qxg3+ 33. Qg2 Qe3+ 0-1

[Event "BRA-ch Amateur U1600"]
[Site "Sao Paulo"]
[Date "2017.10.14"]
[Round "5"]
[White "Sangiovanni, Marcello Cordeiro"]
[Black "Serafim, Paulo Rogerio"]
[Result "1-0"]
[WhiteElo "1010"]
[BlackElo "1495"]
[PlyCount "69"]
[EventDate "2017.10.12"]
[EventType "swiss"]
[EventRounds "7"]
[EventCountry "BRA"]
[SourceTitle "EXT 2022"]
[Source "ChessBase"]
[SourceDate "2021.10.06"]
[SourceVersion "1"]
[SourceVersionDate "2021.10.06"]
[SourceQuality "1"]

1. e4 c5 2. Bc4 e6 3. Nc3 Nc6 4. a3 Nf6 5. d3 d5 6. exd5 exd5 7. Ba2 Be7 8. Nf3 0-0 9. 0-0 Bg4 10. h3 Bh5 11. Bg5 d4 12. Nb1 Re8 13. Nbd2 Ne5 14. Re1 Nxf3+ 15. Nxf3 h6 16. Bh4 Rc8 17. c3 b5 18. c4 bxc4 19. Bxc4 a5 20. Rb1 Qb6 21. g4 Bg6 22. Ne5 Bh7 23. Bxf7+ Kh8 24. Bxe8 Rxe8 25. Bxf6 Qxf6 26. Qf3 Qxf3 27. Nxf3 Bxd3 28. Rbc1 Kg8 29. Ne5 Ba6 30. Ng6 Kf7 31. Nxe7 Rxe7 32. Rxe7+ Kxe7 33. Rxc5 a4 34. f3 Be2 35. Re5+ 1-0

[Event "BRA-ch Amateur U1600"]
[Site "Sao Paulo"]
[Date "2017.10.12"]
[Round "1"]
[White "Cerqueira, Janderson Laurenco"]
[Black "Sangiovanni, Marcello Cordeiro"]
[Result "1-0"]
[WhiteElo "1550"]
[BlackElo "1010"]
[PlyCount "161"]
[EventDate "2017.10.12"]
[EventType "swiss"]
[EventRounds "7"]
[EventCountry "BRA"]
[SourceTitle "EXT 2022"]
[Source "ChessBase"]
[SourceDate "2021.10.06"]
[SourceVersion "1"]
[SourceVersionDate "2021.10.06"]
[SourceQuality "1"]

1. e4 e5 2. Nf3 Nc6 3. Bc4 d6 4. c3 Bg4 5. h3 Bh5 6. d3 h6 7. 0-0 Be7 8. Re1 Nf6 9. Nbd2 a6 10. Nf1 Na5 11. Bb3 Nxb3 12. axb3 b5 13. Ng3 Bg6 14. Bd2 c6 15. c4 0-0 16. Ba5 Qd7 17. d4 exd4 18. Nxd4 Rfe8 19. e5 dxe5 20. Rxe5 Bd6 21. Rxe8+ Rxe8 22. Nde2 Bxg3 23. Qxd7 Bxf2+ 24. Kxf2 Nxd7 25. Bc3 Nc5 26. Nd4 Ne4+ 27. Kg1 Nxc3 28. bxc3 bxc4 29. bxc4 c5 30. Nc6 Re3 31. Ra5 Rxc3 32. Rxc5 Be4 33. Ne5 Rc2 34. Rc8+ Kh7 35. Nf3 a5 36. Rc7 Bxf3 37. gxf3 f6 38. Ra7 Rxc4 39. Rxa5 Rc2 40. Ra7 Kg6 41. Ra4 h5 42. h4 Kf5 43. Rd4 Rc3 44. Kg2 Rc2+ 45. Kg3 Rc1 46. Kg2 Rc2+ 47. Kg3 g5 48. hxg5 Kxg5 49. f4+ Kg6 50. Rd5 Rc3+ 51. Kh4 f5 52. Rd6+ Kh7 53. Kxh5 Rg3 54. Rf6 Rh3+ 55. Kg5 Kg7 56. Rg6+ Kf7 57. Kxf5 Rh5+ 58. Rg5 Rh6 59. Kg4 Rf6 60. f5 Ra6 61. Kh5 Kf6 62. Rg6+ Kxf5 63. Rxa6 Ke4 64. Ra5 Kd4 65. Kg6 Ke4 66. Kf6 Kd4 67. Ke6 Ke4 68. Ra4+ Kd3 69. Ke5 Kc3 70. Kd5 Kd3 71. Ra3+ Ke2 72. Kd4 Kf2 73. Ke4 Ke2 74. Ra2+ Kd1 75. Ke3 Kc1 76. Kd3 Kb1 77. Re2 Ka1 78. Kc3 Kb1 79. Rh2 Ka1 80. Kb3 Kb1 81. Rh1# 1-0

[Event "Sao Paulo Hebraica op 24th"]
[Site "Sao Paulo"]
[Date "2017.01.15"]
[Round "6"]
[White "Oliveira, Francisco Evandro S"]
[Black "Sangiovanni, Marcello Cordeiro"]
[Result "0-1"]
[WhiteElo "1621"]
[BlackElo "1042"]
[PlyCount "168"]
[EventDate "2017.01.13"]
[EventType "swiss"]
[EventRounds "6"]
[EventCountry "BRA"]
[SourceTitle "CBM 176 Extra"]
[Source "ChessBase"]
[SourceDate "2017.03.02"]
[SourceVersion "1"]
[SourceVersionDate "2017.03.02"]
[SourceQuality "1"]

1. c4 e6 2. Nf3 Nf6 3. Nc3 Bb4 4. a3 Bxc3 5. dxc3 0-0 6. e3 b6 7. g3 Nc6 8. Bg2 e5 9. 0-0 d6 10. h3 Re8 11. Ng5 Bb7 12. Re1 h6 13. Nf3 Rb8 14. b4 Bc8 15. b5 Ne7 16. Nh4 Bd7 17. e4 Qc8 18. Kh2 Be6 19. Bf1 c6 20. Qxd6 cxb5 21. cxb5 Qxc3 22. Bd2 Qb2 23. Be3 Nxe4 24. Qd3 Nxf2 25. Bxf2 Qxf2+ 26. Bg2 Rbd8 27. Rf1 Qb2 28. Qf3 Rf8 29. Rab1 Qc2 30. Kh1 Bd5 31. Rbc1 Qb2 32. Rb1 Qc2 33. Rfc1 Bxf3 34. Rxc2 Bxg2+ 35. Nxg2 Rd3 36. Rc7 Re8 37. Kh2 Rxa3 38. h4 Nd5 39. Rd7 Nc3 40. Rf1 Rf8 41. Kh3 f6 42. Rf3 Rc8 43. Rfd3 Nxb5 44. Rd8+ Rxd8 45. Rxd8+ Kh7 46. Kh2 Nd4 47. h5 Ra2 48. Kh3 Ne6 49. Rd7 b5 50. Rb7 a6 51. Ne3 Rf2 52. Ra7 Ng5+ 53. Kg4 Rf3 54. Nf5 Rxf5 55. Kxf5 e4 56. Rxa6 e3 57. Kg4 e2 58. Ra1 f5+ 59. Kf4 Ne4 60. Kf3 b4 61. Kxe2 Nxg3+ 62. Kf3 Nxh5 63. Rb1 g5 64. Rxb4 Nf6 65. Rb7+ Kg6 66. Rb6 h5 67. Kg2 g4 68. Kg3 Kg5 69. Kg2 h4 70. Rb3 Ne4 71. Kh2 f4 72. Rb5+ Kg6 73. Rb6+ Nf6 74. Kg2 h3+ 75. Kh2 Kg5 76. Rb5+ Kh4 77. Kg1 g3 78. Rb4 Kg4 79. Rb2 Ne4 80. Kf1 f3 81. Kg1 h2+ 82. Kh1 Kh3 83. Ra2 g2+ 84. Rxg2 fxg2# 0-1

[Event "Sao Paulo-C U1700 op 5th"]
[Site "Sao Paulo"]
[Date "2016.10.15"]
[Round "4.33"]
[White "Brujin, Homero"]
[Black "Sangiovanni, Marcello Cordeiro"]
[Result "1-0"]
[WhiteElo "1386"]
[BlackElo "1742"]
[PlyCount "85"]
[EventDate "2016.10.13"]
[EventType "swiss"]
[EventRounds "6"]
[EventCountry "BRA"]
[SourceTitle "EXT 2022"]
[Source "ChessBase"]
[SourceDate "2021.10.06"]
[SourceVersion "1"]
[SourceVersionDate "2021.10.06"]
[SourceQuality "1"]

1. c4 g6 2. Nf3 Bg7 3. g3 Nf6 4. Nc3 d6 5. d4 0-0 6. Bg2 c5 7. 0-0 Nbd7 8. dxc5 dxc5 9. Qb3 Qb6 10. Nd2 Qxb3 11. axb3 Rb8 12. Rxa7 b6 13. Nd5 Nxd5 14. Bxd5 e6 15. Bg2 Ne5 16. Nb1 Rd8 17. Bf4 Rd7 18. Rxd7 Bxd7 19. Rd1 Rd8 20. Bxe5 Bxe5 21. Bc6 Bxc6 22. Rxd8+ Kg7 23. Nc3 Kf6 24. e3 h5 25. f4 Bxc3 26. bxc3 Be4 27. b4 Bc2 28. bxc5 bxc5 29. Rc8 Kf5 30. Kf2 Kg4 31. Rxc5 Kh3 32. Rc7 f5 33. Rg7 Kxh2 34. Rxg6 Kh3 35. c5 e5 36. fxe5 f4 37. Rg5 fxg3+ 38. Rxg3+ Kh2 39. Rg5 h4 40. c6 Be4 41. c7 Bb7 42. e6 h3 43. e7 1-0